| 000 | 01267cam a2200157 a 4500 | ||
|---|---|---|---|
| 999 |
_c2530 _d2530 |
||
| 020 | _a0767402111 | ||
| 050 | 0 | 0 |
_aHQ10.5.U6 _bR53 |
| 100 | 1 | _aRice, F. Philip. | |
| 245 | 1 | 0 |
_aIntimate relationships, marriages, and families _cF. Philip Rice. |
| 250 | _a4th ed. | ||
| 260 |
_aMountain View, CA : _bMayfield Pub. Co., _cc1999. |
||
| 300 |
_axxiii, 680 p. : _bill. ; _c24 cm. |
||
| 500 | _aChapter 1. Intimate relationships, marriages, and families in the 21st century. Chapter 2. Class, Cultural and Ethnic Differences in families Chapter 3. Family Backgrounds and how they influence us Chapter 4. Being Single Chapter 5. Individual Theories of Delinquency: Choice and Trait Explanations Chapter 6. Sociological Theory: Cultural Deviance, Strain, and Social Control Explanations Chapter 7. Sociological Theory: Labeling and Conflict Explanations Chapter 8. Developmental and Life Course Theories Chapter 9. Female Delinquency Theories Chapter 10. The Family and Delinquency Chapter 11. Schools and Delinquency Chapter 12. Peer Group and Gang Delinquency Chapter 13. Police and Delinquency Chapter 14. The Juvenile Court Chapter 15. Juvenile Corrections Appendix Constitutional Due Process: | ||
| 650 | 0 | _aFamily life education | |
| 942 | _cBK | ||